| 000 -LEADER |
| fixed length control field |
00738nam a22002297a 4500 |
| 008 - FIXED-LENGTH DATA ELEMENTS--GENERAL INFORMATION |
| fixed length control field |
150930b xxu||||| |||| 00| 0 eng d |
| 020 ## - INTERNATIONAL STANDARD BOOK NUMBER |
| International Standard Book Number |
0256036284 |
| 041 0# - LANGUAGE CODE |
| Language code of text/sound track or separate title |
eng |
| 080 ## - UNIVERSAL DECIMAL CLASSIFICATION NUMBER |
| Universal Decimal Classification number |
658.4:004 |
| 100 1# - Rafti |
| Rafti |
Cash, James I. |
| 245 10 - TITLE STATEMENT |
| Title |
Corporate information systems management : |
| Statement of responsibility, etc |
James I. Cash, Jr., F. Warren McFarlan, James L. McKenney. |
| 250 ## - |
| -- |
2nd ed. |
| 260 ## - |
| -- |
Homewood, Ill. : |
| -- |
Irwin, |
| -- |
1988. |
| 300 ## - |
| -- |
x, 285 f. : |
| -- |
me il.; |
| -- |
24 cm. |
| 650 #0 - |
| -- |
Përpunimi i të dhënave |
| 650 #0 - |
| -- |
Biznes |
| 650 #0 - |
| -- |
Menaxhimi i sistemeve të informacionit |
| 650 #0 - |
| -- |
Menaxhimi industrial |
| 700 1# - |
| -- |
McFarlan, F. Warren |
| 700 1# - |
| -- |
McKenney, James L. |
| 942 ## - ADDED ENTRY ELEMENTS (KOHA) |
| Source of classification or shelving scheme |
|
| Item type |
Books |